<?xml version="1.0" encoding="UTF-8"?>
<record
    xmlns:xsi="http://www.w3.org/2001/XMLSchema-instance"
    xsi:schemaLocation="http://www.loc.gov/MARC21/slim http://www.loc.gov/standards/marcxml/schema/MARC21slim.xsd"
    xmlns="http://www.loc.gov/MARC21/slim">

  <leader>00966nam a2200277 i 4500</leader>
  <controlfield tag="001">31549</controlfield>
  <controlfield tag="003">ES-MaACL</controlfield>
  <controlfield tag="005">20231218150755.0</controlfield>
  <controlfield tag="007">t|</controlfield>
  <controlfield tag="008">030129s2012    sp           |||| |aspa d</controlfield>
  <datafield tag="020" ind1=" " ind2=" ">
    <subfield code="a">978-84-8108-530-3</subfield>
  </datafield>
  <datafield tag="100" ind1="1" ind2=" ">
    <subfield code="a">Siles Art&#xE9;s, Jos&#xE9;,</subfield>
    <subfield code="d">1930-</subfield>
    <subfield code="9">106341</subfield>
  </datafield>
  <datafield tag="245" ind1="1" ind2="0">
    <subfield code="a">Al pie de la Alcazaba (1943-1950) / </subfield>
    <subfield code="c">Jos&#xE9; Siles Art&#xE9;s.</subfield>
  </datafield>
  <datafield tag="250" ind1=" " ind2=" ">
    <subfield code="a">1&#xAA; ed.</subfield>
  </datafield>
  <datafield tag="260" ind1=" " ind2=" ">
    <subfield code="a">Almer&#xED;a : </subfield>
    <subfield code="b">Instituto de Estudios Almerienses, </subfield>
    <subfield code="c">2012.</subfield>
  </datafield>
  <datafield tag="300" ind1=" " ind2=" ">
    <subfield code="a">174 p. ; </subfield>
    <subfield code="c">21 cm.</subfield>
  </datafield>
  <datafield tag="490" ind1="1" ind2=" ">
    <subfield code="a">Letras ; </subfield>
    <subfield code="v">62. </subfield>
    <subfield code="a">Narrativa</subfield>
  </datafield>
  <datafield tag="600" ind1="1" ind2="4">
    <subfield code="a">Siles Art&#xE9;s, Jos&#xE9;,</subfield>
    <subfield code="d">1930-</subfield>
    <subfield code="9">106341</subfield>
  </datafield>
  <datafield tag="710" ind1="2" ind2=" ">
    <subfield code="a">Instituto de Estudios Almerienses.</subfield>
    <subfield code="9">4887</subfield>
  </datafield>
  <datafield tag="830" ind1="1" ind2=" ">
    <subfield code="a">Letras ; </subfield>
    <subfield code="v">62. </subfield>
    <subfield code="a">Narrativa</subfield>
    <subfield code="9">229375</subfield>
  </datafield>
  <datafield tag="852" ind1="4" ind2=" ">
    <subfield code="a">ES-MaACL</subfield>
    <subfield code="j">A-12123</subfield>
    <subfield code="9"> 32716</subfield>
    <subfield code="b">R.148839</subfield>
    <subfield code="c">DEPO1</subfield>
    <subfield code="d">Olim: N-5128</subfield>
    <subfield code="x">Donaci&#xF3;n: del autor Jos&#xE9; Siles Artes</subfield>
  </datafield>
  <datafield tag="903" ind1=" " ind2=" ">
    <subfield code="a">Siles Art&#xE9;s, Jos&#xE9;,</subfield>
    <subfield code="d">1930-</subfield>
    <subfield code="e">dnr</subfield>
    <subfield code="9">106341</subfield>
  </datafield>
  <datafield tag="942" ind1=" " ind2=" ">
    <subfield code="2">udc</subfield>
    <subfield code="c">MONOGRAFIA</subfield>
  </datafield>
  <datafield tag="999" ind1=" " ind2=" ">
    <subfield code="c">31549</subfield>
    <subfield code="d">31549</subfield>
  </datafield>
  <datafield tag="952" ind1=" " ind2=" ">
    <subfield code="0">0</subfield>
    <subfield code="1">0</subfield>
    <subfield code="2">udc</subfield>
    <subfield code="4">0</subfield>
    <subfield code="7">0</subfield>
    <subfield code="a">ATENEOM</subfield>
    <subfield code="b">ATENEOM</subfield>
    <subfield code="c">DEPO1</subfield>
    <subfield code="d">2012-06-25</subfield>
    <subfield code="e">DONACION</subfield>
    <subfield code="j">1</subfield>
    <subfield code="l">0</subfield>
    <subfield code="o">A-12123</subfield>
    <subfield code="p">1189865</subfield>
    <subfield code="r">2023-02-23 00:00:00</subfield>
    <subfield code="w">2023-02-23</subfield>
    <subfield code="y">MONOGRAFIA</subfield>
  </datafield>
</record>
